[Event "FIDE Open World Blitz 2021"]
[Site "Warsaw"]
[Date "2021.12.29"]
[Round "10.26"]
[White "Kadric, Denis"]
[Black "Gelfand, Boris"]
[Result "1/2-1/2"]
[WhiteElo "2566"]
[BlackElo "2674"]
[Annotator "ChessBase"]
[PlyCount "69"]
[EventDate "2021.12.29"]
[EventType "swiss"]
[EventCountry "POL"]
[Tiebreak "Cut1 Buchholz"]
[SourceTitle "playchess.com"]
[Source "ChessBase"]
[SourceQuality "1"]

1. e4 c5 2. Nc3 Nc6 3. Nge2 g6 4. d4 cxd4 5. Nxd4 Bg7 6. Be3 Nf6 7. Bc4 O-O 8.
Bb3 a5 9. f3 e6 10. a4 d5 11. exd5 Nxd5 12. Bxd5 exd5 13. O-O Re8 14. Bf2 Qg5
15. Kh1 Be6 16. Ncb5 Rad8 17. Re1 Be5 18. Bg1 Bb8 19. Qc1 Qh4 20. Qd2 Bc8 21.
b3 h5 22. Qf2 Qf6 23. Rxe8+ Rxe8 24. Re1 Rxe1 25. Qxe1 Qe5 26. Qxe5 Bxe5 27.
Be3 Bd7 28. Kg1 Kf8 29. c3 Ke7 30. g3 Bf6 31. Kf2 h4 32. Bf4 Nxd4 33. Nxd4
hxg3+ 34. hxg3 Bxd4+ 35. cxd4 1/2-1/2

[Event "FIDE Open World Blitz 2021"]
[Site "Warsaw"]
[Date "2021.12.29"]
[Round "10.26"]
[White "Lubczynski, Rafal"]
[Black "Carlsson, Pontus"]
[Result "1-0"]
[WhiteElo "2361"]
[BlackElo "2457"]
[Annotator "ChessBase"]
[PlyCount "99"]
[EventDate "2021.12.29"]
[EventType "swiss"]
[EventCountry "POL"]
[Tiebreak "Cut1 Buchholz"]
[SourceTitle "playchess.com"]
[Source "ChessBase"]
[SourceQuality "1"]

1. d4 e6 2. c4 Nf6 3. g3 c5 4. d5 exd5 5. cxd5 d6 6. Nc3 g6 7. Bg2 Bg7 8. Nf3
O-O 9. O-O a6 10. a4 Re8 11. Nd2 Nbd7 12. Nc4 Ne5 13. Na3 Rb8 14. h3 Nh5 15.
Rb1 Bd7 16. Bd2 f5 17. b4 Qf6 18. bxc5 dxc5 19. a5 b5 20. axb6 Rxb6 21. Rxb6
Qxb6 22. Na4 Qc7 23. Bc3 Bxa4 24. Qxa4 Qd7 25. Qxa6 f4 26. g4 f3 27. exf3 Nf4
28. Bxe5 Bxe5 29. Nc4 Qxd5 30. Re1 Re7 31. Ne3 Qd6 32. Qa8+ Kg7 33. Qa2 Bc3 34.
Rd1 Bd4 35. Rb1 Bxe3 36. fxe3 Rxe3 37. Rb7+ Re7 38. Qb2+ Kh6 39. Rxe7 Qxe7 40.
Bf1 Qe3+ 41. Qf2 Qd4 42. h4 Kg7 43. Qxd4+ cxd4 44. Kf2 h6 45. g5 hxg5 46. hxg5
Ne6 47. Ke2 Nxg5 48. f4 Ne6 49. Kd3 Kf6 50. Ke4 1-0

[Event "FIDE Open World Blitz 2021"]
[Site "Warsaw"]
[Date "2021.12.29"]
[Round "10.27"]
[White "Korobov, Anton"]
[Black "Asadli, Vugar"]
[Result "0-1"]
[WhiteElo "2684"]
[BlackElo "2386"]
[Annotator "ChessBase"]
[PlyCount "92"]
[EventDate "2021.12.29"]
[EventType "swiss"]
[EventCountry "POL"]
[Tiebreak "Cut1 Buchholz"]
[SourceTitle "playchess.com"]
[Source "ChessBase"]
[SourceQuality "1"]

1. d4 d6 2. c4 e5 3. Nf3 e4 4. Ng5 f5 5. Nc3 Be7 6. h4 Nf6 7. e3 c6 8. b4 Na6
9. Qb3 Nc7 10. c5 d5 11. b5 O-O 12. Bd2 h6 13. Nh3 Ne6 14. bxc6 bxc6 15. Be2
Bd7 16. h5 Be8 17. Nf4 Nxf4 18. exf4 Rb8 19. Qa3 Qc7 20. Nd1 Ng4 21. Ne3 Bd7
22. Nxg4 fxg4 23. g3 Rb7 24. O-O Rfb8 25. Ba5 Qc8 26. Ba6 Bf6 27. Qa4 Qe8 28.
Bxb7 Rxb7 29. Rab1 Rxb1 30. Rxb1 e3 31. Re1 exf2+ 32. Kxf2 Qxh5 33. Re3 Qh2+
34. Ke1 h5 35. Bc3 h4 36. Qxa7 Bf5 37. Qa8+ Kh7 38. Qxc6 hxg3 39. Qxd5 Qf2+ 40.
Kd1 Qc2+ 41. Ke1 g2 42. Rg3 Qc1+ 43. Ke2 Qf1+ 44. Kd2 Qxf4+ 45. Kd1 Qxg3 46.
Qxf5+ g6 0-1

[Event "FIDE Open World Blitz 2021"]
[Site "Warsaw"]
[Date "2021.12.29"]
[Round "10.27"]
[White "Bellahcene, Bilel"]
[Black "Samunenkov, Ihor"]
[Result "1-0"]
[WhiteElo "2528"]
[BlackElo "2348"]
[Annotator "ChessBase"]
[PlyCount "81"]
[EventDate "2021.12.29"]
[EventType "swiss"]
[EventCountry "POL"]
[Tiebreak "Cut1 Buchholz"]
[SourceTitle "playchess.com"]
[Source "ChessBase"]
[SourceQuality "1"]

1. e4 c6 2. d4 d5 3. e5 c5 4. dxc5 e6 5. a3 Bxc5 6. Nf3 Ne7 7. b4 Bb6 8. Bb2 a5
9. b5 Nd7 10. Bd3 Ng6 11. O-O O-O 12. Nc3 Nc5 13. Bxg6 fxg6 14. Ne2 Bd7 15. a4
Rc8 16. Bd4 g5 17. h3 h6 18. Rc1 Nxa4 19. c4 Nc5 20. Be3 dxc4 21. Qd6 Qc7 22.
Rfd1 Rfd8 23. Qxc7 Rxc7 24. Rd6 a4 25. Rxb6 Nb3 26. Rc2 a3 27. Rd6 Ra8 28. b6
Rc6 29. Nc3 Be8 30. Nd4 Rxd6 31. exd6 Bg6 32. Ra2 Kf7 33. Ndb5 Bd3 34. Rxa3
Rxa3 35. Nxa3 Ke8 36. Nab5 Kd7 37. Kh2 Kc6 38. f4 gxf4 39. Bxf4 Nc5 40. Nd4+
Kxb6 41. Na4+ 1-0

[Event "FIDE Open World Blitz 2021"]
[Site "Warsaw"]
[Date "2021.12.29"]
[Round "10.28"]
[White "Mastrovasilis, Dimitrios"]
[Black "Firouzja, Alireza"]
[Result "0-1"]
[WhiteElo "2577"]
[BlackElo "2770"]
[Annotator "ChessBase"]
[PlyCount "146"]
[EventDate "2021.12.29"]
[EventType "swiss"]
[EventCountry "POL"]
[Tiebreak "Cut1 Buchholz"]
[SourceTitle "playchess.com"]
[Source "ChessBase"]
[SourceQuality "1"]

1. e4 c5 2. Nf3 d6 3. Bb5+ Nd7 4. d4 cxd4 5. Qxd4 a6 6. Bxd7+ Bxd7 7. Nc3 e6 8.
Bg5 f6 9. Be3 Ne7 10. O-O-O Nc6 11. Qb6 Qb8 12. Rd2 Be7 13. Rhd1 O-O 14. Bf4 e5
15. Be3 Be6 16. Nd5 Bd8 17. Qb3 Na5 18. Qb4 b5 19. b3 Nc6 20. Qc3 Qb7 21. Nb6
Bxb6 22. Bxb6 Rac8 23. Qe3 Nb4 24. a3 Na2+ 25. Kb2 Nc3 26. Rxd6 Nxd1+ 27. Rxd1
Rc6 28. Ba5 Rfc8 29. Ne1 h6 30. f3 Qf7 31. Rd2 Kh7 32. g4 Qe7 33. Nd3 Bf7 34.
h4 Qe6 35. Nb4 Rd6 36. g5 Rxd2 37. Qxd2 fxg5 38. hxg5 h5 39. Nd3 Qd6 40. Bc3
Rd8 41. Qh2 Qe6 42. Nxe5 Be8 43. f4 g6 44. Qf2 Qe7 45. Qb6 Rc8 46. Bb4 Qc7 47.
Qf2 a5 48. Be1 a4 49. Qd2 axb3 50. cxb3 Rd8 51. Qc3 Qb7 52. f5 Rc8 53. fxg6+
Bxg6 54. Qd4 Qc7 55. Bc3 Rd8 56. Qe3 Qd6 57. Nxg6 Kxg6 58. Qf3 Qh2+ 59. Kb1
Qg1+ 60. Kb2 Qxg5 61. e5 Qf5 62. Qg2+ Kf7 63. Qb7+ Rd7 64. Qg2 Ke6 65. a4 bxa4
66. bxa4 Qg4 67. Qc6+ Kf7 68. Qf6+ Kg8 69. e6 Rb7+ 70. Ka3 Kh7 71. e7 Qg8 72.
Qf5+ Kh6 73. Qf6+ Kh7 0-1

[Event "FIDE Open World Blitz 2021"]
[Site "Warsaw"]
[Date "2021.12.29"]
[Round "10.28"]
[White "Wieczorek, Oskar"]
[Black "Kolosowski, Mateusz"]
[Result "0-1"]
[WhiteElo "2258"]
[BlackElo "2444"]
[Annotator "NA"]
[PlyCount "109"]
[EventDate "2021.12.29"]
[EventType "swiss"]
[EventCountry "POL"]
[Tiebreak "Cut1 Buchholz"]
[SourceTitle "playchess.com"]
[Source "ChessBase"]
[SourceQuality "1"]

1. e4 e5 2. Nf3 Nc6 3. Nc3 Nf6 4. g3 d5 5. exd5 Nxd5 6. Bg2 Nxc3 7. bxc3 Bc5 8.
O-O O-O 9. Re1 Re8 10. d4 exd4 11. Rxe8+ Qxe8 12. cxd4 Bd6 13. Be3 Bf5 14. c4
Rd8 15. Qb3 Na5 16. Qc3 b6 17. c5 Bf8 18. Bf4 Qd7 19. Re1 f6 20. Nh4 Be6 21. c6
Qf7 22. Rxe6 Qxe6 23. Bxc7 Re8 24. d5 Qe1+ 25. Qxe1 Rxe1+ 26. Bf1 Rd1 27. Bb8
Rxd5 28. c7 Rc5 29. Ba6 Bd6 30. c8=Q+ Rxc8 31. Bxd6 Rc2 32. a3 g6 33. Nf3 Kg7
34. Bb4 Nc6 35. Bd6 Rc3 36. Ne1 Kf7 37. Bb7 Ke6 38. Bf4 g5 39. Bd2 Rc4 40. Kf1
Ne5 41. Bb4 a5 42. Bd2 Kd6 43. Ba6 Rc7 44. Ke2 Nc4 45. Bxc4 Rxc4 46. Nd3 Kd5
47. f4 g4 48. Be3 Rc2+ 49. Bd2 Ra2 50. Kd1 Rxa3 51. Kc2 Ra4 52. Be3 Rc4+ 53.
Kd2 Rc6 54. f5 Ke4 55. Bf4 0-1

[Event "FIDE Open World Blitz 2021"]
[Site "Warsaw"]
[Date "2021.12.29"]
[Round "10.29"]
[White "Shevchenko, Kirill"]
[Black "Harsha, Bharathakoti"]
[Result "0-1"]
[WhiteElo "2647"]
[BlackElo "2576"]
[Annotator "ChessBase"]
[PlyCount "80"]
[EventDate "2021.12.29"]
[EventType "swiss"]
[EventCountry "POL"]
[Tiebreak "Cut1 Buchholz"]
[SourceTitle "playchess.com"]
[Source "ChessBase"]
[SourceQuality "1"]

1. e4 e6 2. d4 d5 3. e5 c5 4. c3 Qb6 5. Nf3 Nc6 6. Bd3 Bd7 7. O-O cxd4 8. Re1
Nge7 9. h4 Rc8 10. h5 h6 11. Nbd2 dxc3 12. bxc3 a6 13. Rb1 Qc7 14. c4 dxc4 15.
Nxc4 Nd5 16. Be4 Nc3 17. Nd6+ Bxd6 18. exd6 Qa5 19. Qb3 Nxb1 20. Qxb1 Qb5 21.
Bb2 O-O 22. Qa1 f6 23. Bg6 e5 24. a4 Qc4 25. Nd2 Qd5 26. Rd1 Nd4 27. Ne4 Rc4
28. Kh2 Bc6 29. f3 f5 30. Nd2 Rc2 31. Bxd4 exd4 32. Qb1 Qxd6+ 33. Kh1 d3 34.
Qb3+ Kh8 35. Nf1 Rd8 36. Qf7 Qf6 37. Qb3 Qh4+ 38. Nh2 Bxf3 39. Rg1 Rxg2 40.
Rxg2 Qe1+ 0-1

[Event "FIDE Open World Blitz 2021"]
[Site "Warsaw"]
[Date "2021.12.29"]
[Round "10.29"]
[White "Parligras, Mircea-Emilian"]
[Black "Kuzmicz, Krystian"]
[Result "1/2-1/2"]
[WhiteElo "2576"]
[BlackElo "2281"]
[Annotator "ChessBase"]
[PlyCount "258"]
[EventDate "2021.12.29"]
[EventType "swiss"]
[EventCountry "POL"]
[Tiebreak "Cut1 Buchholz"]
[SourceTitle "playchess.com"]
[Source "ChessBase"]
[SourceQuality "1"]

1. d4 g6 2. e4 Bg7 3. Nf3 c6 4. c4 d5 5. e5 Nh6 6. h3 O-O 7. Nc3 f6 8. Bf4 Be6
9. Qb3 Qd7 10. Be2 Nf7 11. O-O Na6 12. cxd5 cxd5 13. Rac1 fxe5 14. Bb5 Qd8 15.
dxe5 Nc7 16. Nd4 Bc8 17. Rfe1 e6 18. Bd3 Qh4 19. Nce2 Bxe5 20. Bg3 Bxg3 21.
fxg3 Qd8 22. Qc3 Ne8 23. Nf3 Ng7 24. g4 Bd7 25. Kh1 Rc8 26. Qd4 Qb6 27. Qxb6
axb6 28. Nc3 Rfe8 29. Bb5 Bc6 30. Rcd1 Nd6 31. Bf1 Nf7 32. Bb5 Nd6 33. Bf1 b5
34. a3 Nc4 35. Re2 Rcd8 36. Nd4 e5 37. Ndxb5 d4 38. Rf2 Ne3 39. Re1 Nxf1 40.
Rfxf1 dxc3 41. Nxc3 e4 42. Re2 Re7 43. Rfe1 Rde8 44. Re3 Re5 45. b4 b6 46. a4
Ne6 47. Nxe4 Bxe4 48. Rxe4 Rxe4 49. Rxe4 Kf7 50. a5 bxa5 51. bxa5 Ra8 52. Re5
Ra6 53. Rb5 Nd8 54. h4 Ra7 55. Rc5 Ke6 56. h5 Kd6 57. Rb5 gxh5 58. gxh5 Nc6 59.
g4 Nxa5 60. g5 Nc6 61. g6 hxg6 62. hxg6 Rg7 63. Rg5 Ne5 64. Kg2 Ke6 65. Kf2 Kf6
66. Rg3 Nxg6 67. Rf3+ Ke6 68. Re3+ Ne5 69. Ra3 Rb7 70. Ra8 Kf5 71. Ke3 Rb3+ 72.
Kd4 Rd3+ 73. Kc5 Rd1 74. Rh8 Ke6 75. Rh6+ Ke7 76. Rh7+ Nf7 77. Kc4 Rg1 78. Kd4
Ke6 79. Kc5 Rg5+ 80. Kd4 Rg4+ 81. Kc5 Ne5 82. Rh6+ Kf5 83. Rh5+ Ke4 84. Rh1 Rg2
85. Re1+ Kf4 86. Rf1+ Nf3 87. Kd6 Rd2+ 88. Kc5 Rd8 89. Kc6 Ke4 90. Rh1 Ne5+ 91.
Kc5 Rd5+ 92. Kb4 Nc6+ 93. Kc4 Ne5+ 94. Kb4 Rd4+ 95. Kc5 Rc4+ 96. Kb5 Rc2 97.
Rh4+ Kd5 98. Rh5 Rb2+ 99. Ka4 Rb8 100. Ka5 Kd4 101. Ka4 Nd3 102. Rh4+ Kc3 103.
Ka5 Ne5 104. Rh5 Kd4 105. Ka4 Nc6 106. Rh4+ Kd5 107. Ka3 Kc5 108. Rh5+ Kc4 109.
Rh4+ Nd4 110. Rg4 Rb3+ 111. Ka2 Rb7 112. Ka3 Kc3 113. Rg3+ Kd2 114. Rg2+ Kd3
115. Rg3+ Kc4 116. Rg4 Rb3+ 117. Ka2 Rh3 118. Rg8 Nb5 119. Rc8+ Kb4 120. Rb8
Rh2+ 121. Kb1 Kc4 122. Kc1 Kc3 123. Kd1 Nd4 124. Ke1 Kd3 125. Rd8 Ra2 126. Kf1
Ke3 127. Re8+ Kf4 128. Rf8+ Nf5 129. Ke1 Ke5 1/2-1/2

[Event "FIDE Open World Blitz 2021"]
[Site "Warsaw"]
[Date "2021.12.29"]
[Round "10.30"]
[White "Fridman, Daniel"]
[Black "Gagunashvili, Merab"]
[Result "1/2-1/2"]
[WhiteElo "2626"]
[BlackElo "2575"]
[Annotator "ChessBase"]
[PlyCount "90"]
[EventDate "2021.12.29"]
[EventType "swiss"]
[EventCountry "POL"]
[Tiebreak "Cut1 Buchholz"]
[SourceTitle "playchess.com"]
[Source "ChessBase"]
[SourceQuality "1"]

1. d4 d5 2. c4 c6 3. Nf3 Nf6 4. Qb3 e6 5. Bf4 Be7 6. e3 O-O 7. Nc3 b6 8. h3 Bb7
9. Rc1 Nbd7 10. cxd5 Nxd5 11. Nxd5 exd5 12. Bd3 c5 13. Qc2 Nf6 14. dxc5 bxc5
15. O-O d4 16. e4 h6 17. Nd2 Nd7 18. Nc4 Rc8 19. Nd6 Bxd6 20. Bxd6 Re8 21. b3
Qf6 22. Bg3 Ne5 23. Bxe5 Qxe5 24. f4 Qe7 25. e5 Bd5 26. Rce1 Qc7 27. Qe2 c4 28.
bxc4 Bxc4 29. Rd1 Red8 30. Rf3 Bxd3 31. Rfxd3 Qc4 32. R1d2 Rd5 33. Kh2 Rcd8 34.
Qg4 Qc6 35. Rg3 g6 36. e6 h5 37. exf7+ Kxf7 38. Qf3 Qf6 39. Qe4 d3 40. Rgxd3
Rxd3 41. Rxd3 Rxd3 42. Qxd3 Qxf4+ 43. Kh1 Qc1+ 44. Kh2 Qf4+ 45. Kh1 Qc1+
1/2-1/2

[Event "FIDE Open World Blitz 2021"]
[Site "Warsaw"]
[Date "2021.12.29"]
[Round "10.30"]
[White "Tologontegin, Semetey"]
[Black "Dziuba, Marcin"]
[Result "0-1"]
[WhiteElo "2224"]
[BlackElo "2568"]
[Annotator "ChessBase"]
[PlyCount "78"]
[EventDate "2021.12.29"]
[EventType "swiss"]
[EventCountry "POL"]
[Tiebreak "Cut1 Buchholz"]
[SourceTitle "playchess.com"]
[Source "ChessBase"]
[SourceQuality "1"]

1. e4 e6 2. d3 d5 3. Nd2 c5 4. g3 Nc6 5. Bg2 Nf6 6. Ngf3 Be7 7. O-O O-O 8. Re1
b5 9. e5 Nd7 10. Nf1 Bb7 11. h4 Qc7 12. Bf4 Rfc8 13. h5 h6 14. c3 a5 15. N1h2
Qd8 16. g4 Nf8 17. Bd2 d4 18. c4 bxc4 19. dxc4 a4 20. Nf1 Nh7 21. Ng3 Qb6 22.
Rb1 Nb4 23. Bxb4 cxb4 24. b3 axb3 25. axb3 d3 26. Qxd3 Ra2 27. Rf1 Rd8 28. Qe3
Bc5 29. Qf4 Bxf2+ 30. Kh1 Be3 31. c5 Bxf4 32. cxb6 Bxg3 33. Rbc1 Ra6 34. Rc7
Rxb6 35. Ng1 Bxg2+ 36. Kxg2 Bxe5 37. Rcxf7 Ng5 38. Ra7 Rbd6 39. Rf2 Bd4 0-1

[Event "FIDE Open World Blitz 2021"]
[Site "Warsaw"]
[Date "2021.12.29"]
[Round "10.31"]
[White "Paravyan, David"]
[Black "Sadhwani, Raunak"]
[Result "0-1"]
[WhiteElo "2642"]
[BlackElo "2562"]
[Annotator "ChessBase"]
[PlyCount "108"]
[EventDate "2021.12.29"]
[EventType "swiss"]
[EventCountry "POL"]
[Tiebreak "Cut1 Buchholz"]
[SourceTitle "playchess.com"]
[Source "ChessBase"]
[SourceQuality "1"]

1. e4 e5 2. Nf3 Nc6 3. Nc3 Nf6 4. d4 exd4 5. Nxd4 Bb4 6. Nxc6 bxc6 7. Bd3 O-O
8. O-O d5 9. exd5 cxd5 10. Bg5 c6 11. Qf3 Rb8 12. h3 Bd6 13. b3 Be5 14. Bf4 Qd6
15. Bxe5 Qxe5 16. Rfe1 Qg5 17. Na4 d4 18. Rad1 Be6 19. Qg3 Qxg3 20. fxg3 Rbd8
21. Nc5 Rfe8 22. Ba6 Kf8 23. Rd2 Bf5 24. Rxe8+ Kxe8 25. b4 h5 26. a3 Ke7 27.
Nb3 Ne4 28. Rxd4 Nxg3 29. Na5 Rd6 30. Kf2 Ne4+ 31. Ke3 Nc3 32. Rxd6 Kxd6 33.
Bc4 f6 34. Bb3 h4 35. Nb7+ Ke7 36. a4 Be6 37. Kd4 Ne2+ 38. Ke3 Nc3 39. Kd4 Ne2+
40. Kc5 Nf4 41. Na5 Bxb3 42. cxb3 Nxg2 43. Nxc6+ Kd7 44. b5 Nf4 45. Nxa7 Ne6+
46. Kd5 g5 47. b6 g4 48. Nb5 gxh3 49. b7 Nc7+ 50. Kc4 Na6 51. Nc3 h2 52. Kb5
Nb8 53. Kb6 h1=Q 54. Nb5 Qg1+ 0-1

[Event "FIDE Open World Blitz 2021"]
[Site "Warsaw"]
[Date "2021.12.29"]
[Round "10.31"]
[White "Sadzikowski, Daniel"]
[Black "Elier, Ali"]
[Result "0-1"]
[WhiteElo "2415"]
[BlackElo "2194"]
[Annotator "NA"]
[PlyCount "142"]
[EventDate "2021.12.29"]
[EventType "swiss"]
[EventCountry "POL"]
[Tiebreak "Cut1 Buchholz"]
[SourceTitle "playchess.com"]
[Source "ChessBase"]
[SourceQuality "1"]

1. e4 e5 2. Nf3 Nc6 3. Bb5 a6 4. Ba4 b5 5. Bb3 Na5 6. O-O d6 7. Nc3 Bb7 8. d3
Be7 9. h3 Nf6 10. Bg5 h6 11. Bxf6 Bxf6 12. Nd5 Nxb3 13. Nxf6+ Qxf6 14. axb3 g5
15. Nh2 h5 16. Qf3 Qxf3 17. Nxf3 g4 18. Nh4 Rg8 19. Kh2 Bc8 20. f4 gxf3 21.
Rxf3 Be6 22. Nf5 Rg5 23. Ne3 Ke7 24. b4 c6 25. c4 bxc4 26. dxc4 Rb8 27. Ra4 Bd7
28. Rf2 h4 29. Rxa6 Rxb4 30. Ra3 Rg3 31. Rc3 Be6 32. b3 Rb7 33. Ra2 Rg8 34. Rd3
Rgb8 35. Ra3 f6 36. Kg1 Rg8 37. Kf2 c5 38. Ra6 Rd8 39. Nc2 Rbb8 40. Ne3 Rd7 41.
Kf3 Rdd8 42. Nf5+ Bxf5 43. exf5 Rd7 44. Ke4 Rg8 45. Ra2 Rb7 46. Kd5 Rg5 47. Rf3
Kd7 48. Ke4 Kc6 49. Rd3 Rbg7 50. Ra6+ Kb7 51. Rdxd6 Rxg2 52. Rxf6 Re2+ 53. Kd5
e4 54. Rfe6 e3 55. f6 Rd7+ 56. Rad6 Rd2+ 57. Kxc5 R2xd6 58. Rxd6 Rxd6 59. Kxd6
e2 60. f7 e1=Q 61. f8=Q Qg3+ 62. Kc5 Qxh3 63. Qe7+ Kb8 64. Qd6+ Kc8 65. Kc6
Qg2+ 66. Kb6 Qb7+ 67. Kc5 Qc7+ 68. Qxc7+ Kxc7 69. b4 h3 70. b5 h2 71. b6+ Kb7
0-1

[Event "FIDE Open World Blitz 2021"]
[Site "Warsaw"]
[Date "2021.12.29"]
[Round "10.32"]
[White "Howell, David W L"]
[Black "Santos Latasa, Jaime"]
[Result "1/2-1/2"]
[WhiteElo "2648"]
[BlackElo "2561"]
[Annotator "ChessBase"]
[PlyCount "72"]
[EventDate "2021.12.29"]
[EventType "swiss"]
[EventCountry "POL"]
[Tiebreak "Cut1 Buchholz"]
[SourceTitle "playchess.com"]
[Source "ChessBase"]
[SourceQuality "1"]

1. Nf3 d5 2. g3 Nd7 3. d4 Nb6 4. Nbd2 Nf6 5. Bg2 h6 6. c4 dxc4 7. Nxc4 Nxc4 8.
Qa4+ c6 9. Qxc4 Be6 10. Qd3 Bd5 11. O-O e6 12. Bf4 Bd6 13. Be5 Bxf3 14. Qxf3
Bxe5 15. dxe5 Nd7 16. Qc3 Qb6 17. Rfd1 Rd8 18. Rd6 O-O 19. Rad1 Nb8 20. b4 Rxd6
21. exd6 Rd8 22. e4 Nd7 23. e5 Rc8 24. a4 a6 25. a5 Qb5 26. f4 c5 27. Rc1 b6
28. Bf1 c4 29. Bg2 bxa5 30. bxa5 Qc5+ 31. Kh1 Rb8 32. h4 Qf2 33. Rf1 Qc5 34.
Rc1 Qf2 35. Rf1 Qc5 36. Rc1 Qf2 1/2-1/2

[Event "FIDE Open World Blitz 2021"]
[Site "Warsaw"]
[Date "2021.12.29"]
[Round "10.32"]
[White "Lima, Darcy"]
[Black "Aditya, Mittal"]
[Result "1-0"]
[WhiteElo "2379"]
[BlackElo "2245"]
[Annotator "NA"]
[PlyCount "71"]
[EventDate "2021.12.29"]
[EventType "swiss"]
[EventCountry "POL"]
[Tiebreak "Cut1 Buchholz"]
[SourceTitle "playchess.com"]
[Source "ChessBase"]
[SourceQuality "1"]

1. d4 Nf6 2. c4 e6 3. Nf3 d5 4. g3 Bb4+ 5. Bd2 Bd6 6. Qc2 O-O 7. Bg2 c6 8. O-O
Nbd7 9. b3 Qe7 10. Nc3 dxc4 11. bxc4 e5 12. e3 Re8 13. Rfe1 h6 14. Nh4 g6 15.
Rab1 e4 16. f3 exf3 17. Nxf3 c5 18. Nb5 Bb8 19. d5 Ne4 20. Nc3 Ndf6 21. Bc1 Bf5
22. Nh4 Nxg3 23. e4 Nfxe4 24. Nxf5 gxf5 25. hxg3 Bxg3 26. Rxe4 fxe4 27. Nxe4
Qh4 28. Bb2 Qh2+ 29. Kf1 Be5 30. Nf6+ Bxf6 31. Bxf6 Re3 32. Qf2 Rae8 33. d6
Qxd6 34. Bd5 R8e5 35. Bxe5 Qxe5 36. Qxf7+ 1-0

[Event "FIDE Open World Blitz 2021"]
[Site "Warsaw"]
[Date "2021.12.29"]
[Round "10.33"]
[White "Volokitin, Andrei"]
[Black "Petrosyan, Manuel"]
[Result "0-1"]
[WhiteElo "2656"]
[BlackElo "2599"]
[Annotator "ChessBase"]
[PlyCount "84"]
[EventDate "2021.12.29"]
[EventType "swiss"]
[EventCountry "POL"]
[Tiebreak "Cut1 Buchholz"]
[SourceTitle "playchess.com"]
[Source "ChessBase"]
[SourceQuality "1"]

1. e4 e5 2. Nf3 Nc6 3. Bc4 Bc5 4. O-O Nf6 5. d3 a5 6. c3 d6 7. Re1 h6 8. Nbd2
O-O 9. h3 Be6 10. Bb5 Ne7 11. d4 exd4 12. cxd4 Ba7 13. Bd3 Ng6 14. Nf1 d5 15.
e5 Ne4 16. Ng3 Nxg3 17. fxg3 c5 18. dxc5 Bxc5+ 19. Kh2 d4 20. Bd2 Qb6 21. Rc1
Bb4 22. a3 Be7 23. Qc2 Rfc8 24. Qb1 Nf8 25. Be4 a4 26. Qd3 Rxc1 27. Bxc1 Rd8
28. g4 Qb3 29. Rd1 Qxd3 30. Rxd3 Bc5 31. Bxb7 Bc4 32. Rd1 Be2 33. Re1 d3 34.
Bd2 Rb8 35. Bc6 Rxb2 36. Bf4 Bxa3 37. Ra1 Bb4 38. Bxa4 Bxf3 39. Kg3 Bxg2 40.
Rd1 Be4 41. Be3 g5 42. Bf2 Bc5 0-1

[Event "FIDE Open World Blitz 2021"]
[Site "Warsaw"]
[Date "2021.12.29"]
[Round "10.33"]
[White "Gdanski, Jacek"]
[Black "Masternak, Grzegorz"]
[Result "1-0"]
[WhiteElo "2367"]
[BlackElo "2188"]
[Annotator "NA"]
[PlyCount "95"]
[EventDate "2021.12.29"]
[EventType "swiss"]
[EventCountry "POL"]
[Tiebreak "Cut1 Buchholz"]
[SourceTitle "playchess.com"]
[Source "ChessBase"]
[SourceQuality "1"]

1. e4 d6 2. d4 Nf6 3. Nc3 e5 4. dxe5 dxe5 5. Qxd8+ Kxd8 6. Bc4 Be6 7. Bxe6 fxe6
8. f3 Bd6 9. Be3 Nc6 10. Nh3 a6 11. Nf2 h6 12. O-O-O Ke7 13. Na4 Nd7 14. Nd3 b5
15. Nac5 Nxc5 16. Nxc5 Rhd8 17. c3 Bxc5 18. Bxc5+ Kf7 19. Kc2 Ke8 20. a4 Rab8
21. axb5 axb5 22. Rxd8+ Rxd8 23. Ra1 Rb8 24. b4 Kd7 25. Rd1+ Ke8 26. h4 Ra8 27.
Kb3 g6 28. h5 g5 29. Rd2 Rb8 30. c4 bxc4+ 31. Kxc4 Ra8 32. Kb5 Nd8 33. Bf2 Rb8+
34. Kc4 Nf7 35. Bc5 Nd8 36. Ra2 Nf7 37. Ra7 Kd7 38. b5 Nd6+ 39. Bxd6 Kxd6 40.
Ra6+ Kd7 41. Kc5 g4 42. fxg4 Rg8 43. Ra7 Rxg4 44. b6 Rxg2 45. Rxc7+ Kd8 46. Rh7
Rc2+ 47. Kd6 Rb2 48. Rh8# 1-0

[Event "FIDE Open World Blitz 2021"]
[Site "Warsaw"]
[Date "2021.12.29"]
[Round "10.34"]
[White "Salem, A.R. Saleh"]
[Black "Czarnota, Pawel"]
[Result "1-0"]
[WhiteElo "2690"]
[BlackElo "2502"]
[Annotator "ChessBase"]
[PlyCount "61"]
[EventDate "2021.12.29"]
[EventType "swiss"]
[EventCountry "POL"]
[Tiebreak "Cut1 Buchholz"]
[SourceTitle "playchess.com"]
[Source "ChessBase"]
[SourceQuality "1"]

1. d4 Nf6 2. c4 g6 3. Nc3 Bg7 4. e4 d6 5. h3 O-O 6. Be3 c5 7. d5 e6 8. Nf3 exd5
9. exd5 Na6 10. Bd3 Nc7 11. a4 Na6 12. Rc1 Nb4 13. Bb1 a6 14. O-O Bd7 15. Bf4
Qc7 16. Ng5 b5 17. b3 bxc4 18. bxc4 Rfe8 19. Qd2 Rad8 20. Rfe1 Rxe1+ 21. Rxe1
Bc8 22. g4 Re8 23. Nce4 Nxe4 24. Nxe4 Rd8 25. Nxd6 Qd7 26. Ne4 Qxa4 27. Bg5 Re8
28. Nxc5 Rxe1+ 29. Qxe1 Qa5 30. Qe8+ Bf8 31. Be7 1-0

[Event "FIDE Open World Blitz 2021"]
[Site "Warsaw"]
[Date "2021.12.29"]
[Round "10.34"]
[White "Gluszko, Tomasz"]
[Black "Bartel, Mateusz"]
[Result "0-1"]
[WhiteElo "2086"]
[BlackElo "2619"]
[Annotator "ChessBase"]
[PlyCount "92"]
[EventDate "2021.12.29"]
[EventType "swiss"]
[EventCountry "POL"]
[Tiebreak "Cut1 Buchholz"]
[SourceTitle "playchess.com"]
[Source "ChessBase"]
[SourceQuality "1"]

1. e4 e5 2. Nf3 Nc6 3. d4 exd4 4. Bc4 Nf6 5. e5 d5 6. Bb5 Nd7 7. O-O Be7 8.
Nxd4 Nxd4 9. Qxd4 c6 10. Bd3 O-O 11. Nc3 Nc5 12. Qf4 Nxd3 13. cxd3 Qd7 14. d4
f6 15. Qg3 Qg4 16. Bf4 fxe5 17. Bxe5 Qxg3 18. fxg3 Rxf1+ 19. Rxf1 Bd7 20. Re1
Bf8 21. h3 a5 22. a4 Bb4 23. g4 Re8 24. Kf2 c5 25. Rd1 c4 26. Nxd5 Bxa4 27. Ra1
Bc6 28. Nxb4 axb4 29. Bd6 c3 30. Bxb4 c2 31. Rc1 Be4 32. Bc3 Rd8 33. g3 Kf7 34.
h4 Ke6 35. Ke3 Kd5 36. g5 Rf8 37. Be1 Rf3+ 38. Ke2 Rb3 39. Bc3 b5 40. Bd2 Rxb2
41. Bf4 b4 42. Kd2 Rb3 43. Be5 Rf3 44. g4 b3 45. Bxg7 b2 46. Rxc2 Rf2+ 0-1

[Event "FIDE Open World Blitz 2021"]
[Site "Warsaw"]
[Date "2021.12.29"]
[Round "10.35"]
[White "Peng, Li Min"]
[Black "Vidit, Santosh Gujrathi"]
[Result "0-1"]
[WhiteElo "2412"]
[BlackElo "2727"]
[Annotator "ChessBase"]
[PlyCount "63"]
[EventDate "2021.12.29"]
[EventType "swiss"]
[EventCountry "POL"]
[Tiebreak "Cut1 Buchholz"]
[SourceTitle "playchess.com"]
[Source "ChessBase"]
[SourceQuality "1"]

1. Nf3 d5 2. c4 d4 3. b4 c5 4. e3 dxe3 5. fxe3 cxb4 6. d4 g6 7. Bd3 Bg7 8. O-O
Nf6 9. Nbd2 O-O 10. Bb2 Nbd7 11. Qe1 b6 12. Ne4 a5 13. Nxf6+ exf6 14. Rc1 f5
15. a3 bxa3 16. Bxa3 Re8 17. Qf2 Bb7 18. Bd6 Nf6 19. c5 bxc5 20. dxc5 Ng4 21.
Qa2 Nxe3 22. Rfe1 Bd5 23. Qd2 Bxf3 24. Bb5 Qg5 25. Bxe8 Rxe8 26. h4 Qg4 27. c6
Bxg2 28. Qf2 Bxc6+ 29. Qg3 Qe4 30. Rxe3 Bd4 31. Bf4 Qh1+ 32. Kf2 0-1